| 000 | 00468nam a22001697a 4500 | ||
|---|---|---|---|
| 999 |
_c14813 _d14813 |
||
| 003 | OSt | ||
| 005 | 20210311103246.0 | ||
| 008 | 160414b xxu||||| |||| 00| 0 eng d | ||
| 020 | _a851106366 | ||
| 040 |
_aMMU _beng _cMMU _dMMU |
||
| 050 | _aBR 95 .N38 1988 | ||
| 245 |
_aNew dictionary of theology / _cedited by Sinclair B. Furguson. |
||
| 260 |
_aLondon : _bInter- varsity press, _c 1988. |
||
| 300 | _axix,738 p. : | ||
| 650 | _atheology | ||
| 942 |
_2lcc _cREFERENCE |
||